[Event "Titled Tuesday intern op 24th Sep Late"]
[Site "Chess.com INT"]
[Date "2024.09.24"]
[Round "8"]
[White "Ardila, Oscar Humberto"]
[Black "Osinovsky, Stepan"]
[Result "0-1"]
[WhiteElo "1973"]
[BlackElo "2235"]
[PlyCount "60"]
[EventDate "2024.09.24"]
[EventType "swiss (blitz)"]
[EventRounds "11"]
[EventCountry "USA"]
[SourceTitle "CB41_2024"]
[SourceDate "2024.10.09"]
[SourceVersion "1"]
[SourceVersionDate "2024.10.09"]
[SourceQuality "1"]

1. d4 Nf6 2. c4 g6 3. Nc3 Bg7 4. Nf3 0-0 5. e3 d6 6. Be2 Nbd7 7. 0-0 e5 8. Qc2 Re8 9. dxe5 dxe5 10. Rd1 c6 11. b3 Qc7 12. Ba3 e4 13. Bd6 Qa5 14. b4 Qh5 15. Ne5 Qf5 16. Nxd7 Nxd7 17. Rac1 a5 18. a3 axb4 19. axb4 Ra3 20. Qd2 Ne5 21. b5 Rd8 22. Qb2 Rxc3 23. Rxc3 Nf3+ 24. gxf3 exf3 25. Bf1 Qg4+ 26. Kh1 Be5 27. h3 Qh5 28. Rd4 Bxh3 29. Bxe5 Bg2+ 30. Kg1 Qh1# 0-1

[Event "Titled Tuesday intern op 24th Sep Late"]
[Site "Chess.com INT"]
[Date "2024.09.24"]
[Round "11"]
[White "Shapiro, Daniel E"]
[Black "Osinovsky, Stepan"]
[Result "1-0"]
[WhiteElo "2284"]
[BlackElo "2235"]
[PlyCount "55"]
[EventDate "2024.09.24"]
[EventType "swiss (blitz)"]
[EventRounds "11"]
[EventCountry "USA"]
[SourceTitle "CB41_2024"]
[SourceDate "2024.10.09"]
[SourceVersion "1"]
[SourceVersionDate "2024.10.09"]
[SourceQuality "1"]

1. d4 Nf6 2. c4 g6 3. Nc3 Bg7 4. e4 0-0 5. Be2 d6 6. Nf3 Nbd7 7. Be3 e5 8. d5 Nc5 9. Nd2 a5 10. a3 a4 11. Bxc5 dxc5 12. Nxa4 b6 13. Nc3 h5 14. h3 Bh6 15. Nf1 Ne8 16. Qd3 Nd6 17. Ne3 f5 18. exf5 gxf5 19. Bxh5 e4 20. Qe2 Qg5 21. h4 Qg7 22. g3 Ba6 23. Nb5 Bxb5 24. cxb5 Kh8 25. 0-0-0 Rxa3 26. bxa3 Qa1+ 27. Kd2 Qxa3 28. Ke1 1-0

[Event "Titled Tuesday intern op 17th Sep Early"]
[Site "Chess,com INT"]
[Date "2024.09.17"]
[Round "2"]
[White "Brilej, Jaka"]
[Black "Osinovsky, Stepan"]
[Result "0-1"]
[WhiteElo "2280"]
[BlackElo "2235"]
[PlyCount "46"]
[EventDate "2024.09.17"]
[EventType "swiss (blitz)"]
[EventRounds "11"]
[EventCountry "USA"]
[SourceTitle "CB42_2024"]
[Source "ChessBase"]
[SourceDate "2024.10.16"]
[SourceVersion "1"]
[SourceVersionDate "2024.10.16"]
[SourceQuality "1"]

1. Nf3 Nf6 2. c4 g6 3. d4 Bg7 4. g3 0-0 5. Bg2 d6 6. Nc3 c6 7. 0-0 Bf5 8. Nh4 Be6 9. Qd3 d5 10. c5 b6 11. b4 a5 12. Na4 Nbd7 13. Nxb6 Nxb6 14. cxb6 axb4 15. Bd2 Qxb6 16. Rfb1 Nd7 17. Rxb4 Qa7 18. Rc1 c5 19. dxc5 Nxc5 20. Qb5 Qxa2 21. Be3 Na4 22. Bxd5 Bxd5 23. Qxd5 Qxd5 0-1

[Event "Titled Tuesday intern op 21st May Early"]
[Site "Chess.com INT"]
[Date "2024.05.21"]
[Round "4"]
[White "Nguyen, Hong Nhung"]
[Black "Osinovsky, Stepan"]
[Result "1-0"]
[WhiteElo "2063"]
[BlackElo "2232"]
[PlyCount "95"]
[EventDate "2024.05.21"]
[EventType "swiss (blitz)"]
[EventRounds "11"]
[EventCountry "USA"]
[SourceTitle "CB22_2024"]
[SourceDate "2024.05.29"]
[SourceVersion "1"]
[SourceVersionDate "2024.05.29"]
[SourceQuality "1"]

1. e4 e5 2. Nf3 Nc6 3. d4 exd4 4. Nxd4 Bc5 5. Be3 Qf6 6. c3 b6 7. Qd2 Bb7 8. Nb5 Bxe3 9. Qxe3 0-0-0 10. Nd2 Nge7 11. 0-0-0 d5 12. e5 Qxe5 13. Nxa7+ Kb8 14. Nxc6+ Nxc6 15. Qxe5 Nxe5 16. f4 Ng4 17. Re1 d4 18. cxd4 Rxd4 19. Be2 Nf2 20. Rhf1 Rxf4 21. g3 Rf6 22. Kc2 Rd8 23. Nc4 Bg2 24. Rg1 Be4+ 25. Kc3 c5 26. Rgf1 Bg2 27. Rg1 Bh3 28. a4 Ne4+ 29. Kc2 Rf2 30. Kc1 Kb7 31. b3 Nc3 32. Bh5 Na2+ 33. Kb1 Bf5+ 34. Ka1 Nc3 35. Nb2 Bc2 36. Rc1 Rdd2 37. Rgf1 Rxh2 38. Bf3+ Ka6 39. Nc4 Bxb3 40. Nxd2 Rxd2 41. Rxc3 c4 42. Rfc1 Ka5 43. Bd5 Kb4 44. Bxc4 Bxa4 45. Bxf7 b5 46. Be8 Rg2 47. Bc6 g5 48. Bxg2 1-0

[Event "Titled Tuesday intern op 30th Apr Early"]
[Site "Chess.com INT"]
[Date "2024.04.30"]
[Round "6"]
[White "Osinovsky, Stepan"]
[Black "Osiecki, Stanislaw"]
[Result "1-0"]
[WhiteElo "2241"]
[BlackElo "1959"]
[PlyCount "33"]
[EventDate "2024.04.30"]
[EventType "swiss (blitz)"]
[EventRounds "11"]
[EventCountry "USA"]
[SourceTitle "CB19_2024"]
[SourceDate "2024.05.08"]
[SourceVersion "1"]
[SourceVersionDate "2024.05.08"]
[SourceQuality "1"]

1. Nf3 Nf6 2. g3 d6 3. Bg2 e5 4. 0-0 g6 5. d4 e4 6. Nfd2 e3 7. fxe3 Ng4 8. Nf3 Qe7 9. Qd3 Bf5 10. Qb3 c6 11. e4 Bxe4 12. Nc3 Bxf3 13. exf3 Nf6 14. Bg5 Qd8 15. Rae1+ Kd7 16. Qxb7+ Qc7 17. Bh3+ 1-0

[Event "Titled Tuesday intern op 30th Apr Early"]
[Site "Chess.com INT"]
[Date "2024.04.30"]
[Round "11"]
[White "Osinovsky, Stepan"]
[Black "Slovineanu, Viacheslav"]
[Result "0-1"]
[WhiteElo "2241"]
[BlackElo "2412"]
[PlyCount "52"]
[EventDate "2024.04.30"]
[EventType "swiss (blitz)"]
[EventRounds "11"]
[EventCountry "USA"]
[SourceTitle "CB19_2024"]
[SourceDate "2024.05.08"]
[SourceVersion "1"]
[SourceVersionDate "2024.05.08"]
[SourceQuality "1"]

1. Nf3 Nf6 2. g3 d5 3. Bg2 Nbd7 4. d4 e6 5. 0-0 b5 6. Re1 c5 7. Nbd2 Bb7 8. a4 b4 9. a5 a6 10. c4 bxc3 11. bxc3 Be7 12. Qa4 0-0 13. Ba3 Qc7 14. Reb1 Bc6 15. Qc2 Bb5 16. c4 dxc4 17. Nxc4 Rac8 18. Nfe5 cxd4 19. Bxe7 Nxe5 20. Bxf8 Kxf8 21. Rb4 Nxc4 22. Rc1 Qxa5 23. Qb3 Nd6 24. Rxc8+ Nxc8 25. Rxd4 Ne7 26. Rd8+ Qxd8 0-1

[Event "Titled Tuesday intern op 16th Apr Early"]
[Site "Chess.com INT"]
[Date "2024.04.16"]
[Round "9"]
[White "Kostiukov, Alexandr"]
[Black "Osinovsky, Stepan"]
[Result "0-1"]
[WhiteElo "2271"]
[BlackElo "2241"]
[PlyCount "46"]
[EventDate "2024.04.16"]
[EventType "swiss (blitz)"]
[EventRounds "11"]
[EventCountry "USA"]
[SourceTitle "CB17_2024"]
[SourceDate "2024.04.24"]
[SourceVersion "1"]
[SourceVersionDate "2024.04.24"]
[SourceQuality "1"]

1. g3 Nf6 2. Bg2 g6 3. c4 Bg7 4. Nf3 0-0 5. 0-0 d6 6. d4 Nbd7 7. Nc3 e5 8. e4 c6 9. h3 Re8 10. Be3 exd4 11. Nxd4 Nc5 12. Qc2 a5 13. Nb3 Ne6 14. Rad1 a4 15. Nd4 Nxd4 16. Bxd4 Qa5 17. Be3 a3 18. b3 Qh5 19. h4 Ng4 20. Bf4 Ne5 21. Rxd6 Nf3+ 22. Kh1 Nxh4 23. Qd1 Nf3+ 0-1

[Event "Titled Tuesday intern op 16th Jan Early"]
[Site "Chess.com INT"]
[Date "2024.01.16"]
[Round "6"]
[White "Osinovsky, Stepan"]
[Black "Smirnov, Mark1"]
[Result "0-1"]
[WhiteElo "2241"]
[BlackElo "2152"]
[PlyCount "74"]
[EventDate "2024.01.16"]
[EventType "swiss (blitz)"]
[EventRounds "11"]
[EventCountry "USA"]
[SourceTitle "CB04_2024"]
[SourceDate "2023.10.16"]
[SourceVersion "1"]
[SourceVersionDate "2023.10.16"]
[SourceQuality "1"]

1. Nf3 Nf6 2. g3 b5 3. Bg2 Bb7 4. 0-0 e6 5. d3 c5 6. e4 d6 7. Nbd2 Be7 8. Re1 0-0 9. c3 Nbd7 10. Qe2 Rc8 11. h4 c4 12. d4 e5 13. Nh2 Re8 14. d5 Nc5 15. g4 h6 16. g5 hxg5 17. hxg5 Nh7 18. g6 fxg6 19. Ndf1 Nd3 20. Rd1 Bg5 21. Ne3 Rf8 22. Rxd3 cxd3 23. Qxd3 a6 24. Bh3 Rc7 25. Be6+ Kh8 26. Nhg4 Bc8 27. Kg2 Re7 28. a4 Rxe6 29. dxe6 Bxe6 30. axb5 axb5 31. Qxb5 Bxe3 32. Nxe3 Qh4 33. Qe2 Ng5 34. Bd2 Qh3+ 35. Kg1 Nf3+ 36. Qxf3 Qxf3 37. Ra7 Qxf2+ 0-1

[Event "Titled Tuesday intern op 09th Jan Early"]
[Site "Chess.com INT"]
[Date "2024.01.09"]
[Round "5"]
[White "Osinovsky, Stepan"]
[Black "Carnicelli, Valerio"]
[Result "0-1"]
[WhiteElo "2241"]
[BlackElo "2427"]
[PlyCount "74"]
[EventDate "2024.01.09"]
[EventType "swiss (blitz)"]
[EventRounds "11"]
[EventCountry "USA"]
[SourceTitle "CB03_2024"]
[SourceDate "2024.01.17"]
[SourceVersion "1"]
[SourceVersionDate "2024.01.17"]
[SourceQuality "1"]

1. e4 e5 2. Nf3 Nc6 3. Bb5 a6 4. Ba4 Nf6 5. 0-0 Be7 6. Re1 b5 7. Bb3 d6 8. c3 0-0 9. h3 Na5 10. Bc2 c5 11. d4 Nc6 12. d5 Nb8 13. a4 Bb7 14. b3 Nbd7 15. c4 Re8 16. Nc3 b4 17. Ne2 Bf8 18. g4 g6 19. Ng3 Nb8 20. Kh2 Bc8 21. Rg1 Bg7 22. Bg5 Kh8 23. Qd2 Ra7 24. Rg2 Qc7 25. Rag1 Ng8 26. Nh4 Qb6 27. Nhf5 gxf5 28. gxf5 f6 29. Nh5 Rf7 30. Bh4 Ree7 31. Rg4 Qd8 32. Qe3 Qf8 33. Qg3 Nd7 34. Rg2 a5 35. Kh1 Nh6 36. f3 Nxg4 37. hxg4 Bh6 0-1

[Event "Titled Tuesday intern op 09th Jan Early"]
[Site "Chess.com INT"]
[Date "2024.01.09"]
[Round "10"]
[White "Osinovsky, Stepan"]
[Black "Derjabin, Ilja"]
[Result "0-1"]
[WhiteElo "2241"]
[BlackElo "2333"]
[PlyCount "88"]
[EventDate "2024.01.09"]
[EventType "swiss (blitz)"]
[EventRounds "11"]
[EventCountry "USA"]
[SourceTitle "CB03_2024"]
[SourceDate "2024.01.17"]
[SourceVersion "1"]
[SourceVersionDate "2024.01.17"]
[SourceQuality "1"]

1. e4 c5 2. Nf3 d6 3. d4 cxd4 4. Nxd4 Nf6 5. Nc3 a6 6. Be3 e5 7. Nb3 Be7 8. Qd2 0-0 9. 0-0-0 Be6 10. f4 Ng4 11. Kb1 Nxe3 12. Qxe3 exf4 13. Qxf4 Nc6 14. Nd5 Bxd5 15. exd5 Ne5 16. h4 Rc8 17. h5 Bg5 18. Qf5 Qf6 19. Nd4 Qxf5 20. Nxf5 Rfd8 21. g3 g6 22. Nd4 Rc5 23. c3 Ng4 24. Re1 b5 25. Be2 Ne5 26. Nf3 Bf6 27. Nxe5 Bxe5 28. Bf3 Bxg3 29. Re7 a5 30. a3 b4 31. axb4 axb4 32. cxb4 Rb5 33. Rg1 Be5 34. Rg4 Kg7 35. Kc2 Kf6 36. Rc7 Rdb8 37. Kb3 g5 38. Rgc4 h6 39. Be4 Bf4 40. Bf3 R5b6 41. R7c6 R6b7 42. Rc7 Rb5 43. Ka4 Be5 44. Ra7 Bxb2 0-1

[Event "Titled Tuesday intern op 12th Dec Early"]
[Site "Chess.com INT"]
[Date "2023.12.12"]
[Round "1"]
[White "Harshavardhan, GB."]
[Black "Osinovsky, Stepan"]
[Result "1-0"]
[WhiteElo "2390"]
[BlackElo "2241"]
[PlyCount "79"]
[EventDate "2023.12.12"]
[EventType "swiss (blitz)"]
[EventRounds "11"]
[EventCountry "USA"]
[SourceTitle "CB51_2023"]
[SourceDate "2023.12.20"]
[SourceVersion "1"]
[SourceVersionDate "2023.12.20"]
[SourceQuality "1"]

1. d4 Nf6 2. c4 g6 3. Nc3 Bg7 4. e4 0-0 5. Nf3 d6 6. Be2 e5 7. d5 a5 8. Bg5 h6 9. Be3 Ng4 10. Bc1 f5 11. exf5 gxf5 12. g3 Na6 13. 0-0 Nc5 14. Nh4 Bd7 15. f3 Nf6 16. f4 e4 17. Be3 Ng4 18. Ng2 Nxe3 19. Nxe3 Kh8 20. Qd2 Rg8 21. Kh1 Bf6 22. Rg1 Qe7 23. Rg2 Rg7 24. Rag1 Rag8 25. Nb5 Bxb5 26. Nxf5 Qd7 27. Nxg7 Qxg7 28. cxb5 Bxb2 29. b6 cxb6 30. Rb1 Bd4 31. Bb5 Qf7 32. Qxd4+ Rg7 33. Rf1 Kh7 34. f5 Rg4 35. Be2 Rg5 36. f6 Re5 37. Bg4 Rxd5 38. Bf5+ Kh8 39. Bg6 Qg8 40. Qa1 1-0